00562nam a22001697a 450000500170000000800410001702000270005802000270008502000270011202000270013904000130016608200220017910000210020124500910022226000520031330000270036520190615092848.0190615b ||||| |||| 00| 0 eng d a9780199451272 : vol.52 a9780199451289 : vol.53 a9780199451272 : vol.54 a9780199451296 : vol.55 cPK-LaUMT a954.042092bNEH-S aNehru, Jaaharlal aSelected works of Jawaharlal Nehru /cby Jawaharlal Nehru; edited by Madhavan K. Palat aNew Delhi :bJawahar Nehru Memorial Fund,c2014 a4 vols. (Vol.52 to 55)